| 000 | 00555cam a22002291 4500 | ||
|---|---|---|---|
| 001 | sa 64008793 | ||
| 003 | DLC | ||
| 005 | 20260227112056.0 | ||
| 008 | 941128s1963 ii 000 0 beno | ||
| 010 | _asa 64008793 | ||
| 025 | _aPL480:EP-B-681 | ||
| 035 | _a(OCoLC)31523623 | ||
| 040 |
_aDLC _cCU _dCU _dDLC |
||
| 050 | 0 | 0 |
_aHQ46 _b.A5 |
| 100 | 1 | _aAlam, Morshed. | |
| 245 | 1 | 0 | _aMeẏedera kāche. |
| 260 | _c[1963] | ||
| 300 |
_a4, 96 p. _c19 cm. |
||
| 500 | _aIn Bengali. | ||
| 650 | 0 | _aSex instruction. | |
| 650 | 0 |
_aWomen _xHealth and hygiene. |
|
| 999 |
_c61045 _d61045 |
||